Pérdida, pena, duelo: vivencias, investigación y asistencia

Guardat en:
Dades bibliogràfiques
Autor principal: Tizón L., Jorge (Autor)
Format: Llibre
Idioma:espanyol
Publicat: Barcelona Paidós 2004
Col·lecció:Colección Temas de Salud Mental, 12
Matèries:
Etiquetes: Afegir etiqueta
Sense etiquetes, Sigues el primer a etiquetar aquest registre!

MARC

LEADER 00000nam a2200000 a 4500
001 UCI2339
003 CL-VaPUC
008 070817e20040000SP |||||||||||||||||spa|d
020 |a 8449315891 
082 0 4 |a 155.937  |b TIZ  |2 21 
100 0 |a Tizón L., Jorge  |e author  |9 523312 
245 1 0 |a Pérdida, pena, duelo: vivencias, investigación y asistencia 
300 |a 836 p 
942 |c BK 
945 |d 20070817 00:00:00  |a jtorresc 
260 |a Barcelona  |b Paidós  |c 2004 
650 0 |a Muerte  |9 265114 
650 0 |a Aspectos psicológicos  |9 258128 
650 7 |a DUELO  |2 CL-VaPUC  |9 383482 
650 0 |a Psicología   |9 257863 
583 |a last modification  |c 20070817 00:00:00  |k Rodrigo Vera 
490 0 |a Colección Temas de Salud Mental, 12 
999 |c 326942  |d 326940 
952 |0 0  |1 0  |4 0  |6 155_937000000000000_TIZ_2004  |7 0  |8 A  |9 409216  |a BIBEDU  |b BIBEDU  |d 2019-11-22  |i 4364880  |l 1  |o 155.937 TIZ 2004  |p 4364880  |r 2022-04-26  |s 2022-04-21  |w 2019-11-22  |y BK  |k PSI